[Event "Uralsk op"]
[Site "Uralsk"]
[Date "2023.07.21"]
[Round "1"]
[White "Ter Sahakyan, Samvel"]
[Black "Gusarov, Aleksey"]
[Result "1-0"]
[WhiteElo "2604"]
[BlackElo "2102"]
[PlyCount "59"]
[EventDate "2023.07.21"]
[EventType "swiss"]
[EventRounds "9"]
[EventCountry "KAZ"]
[SourceTitle "CBM 215 Extra"]
[Source "ChessBase"]
[SourceDate "2023.09.30"]
[SourceVersion "1"]
[SourceVersionDate "2023.09.30"]
[SourceQuality "1"]

1. d4 Nf6 2. c4 g6 3. Nc3 d5 4. Nf3 Bg7 5. cxd5 Nxd5 6. e4 Nxc3 7. bxc3 c5 8. Bb5+ Nc6 9. 0-0 0-0 10. Bxc6 bxc6 11. Qc2 Qa5 12. Bd2 Bg4 13. Ne5 Bxe5 14. dxe5 c4 15. f3 Be6 16. f4 Kh8 17. Rae1 Rg8 18. Re3 Rab8 19. h3 Qb6 20. Bc1 Rgd8 21. Kh2 Rd3 22. Qf2 Qa5 23. f5 gxf5 24. exf5 Bd5 25. f6 Qc5 26. e6 Bxe6 27. Rxe6 Qxf2 28. Rxf2 fxe6 29. fxe7 Rg8 30. Bh6 1-0

[Event "RUS-chT2"]
[Site "Sochi"]
[Date "2023.05.07"]
[Round "6.2"]
[White "Ponomarev, Grigori"]
[Black "Gusarov, Aleksey"]
[Result "1/2-1/2"]
[WhiteElo "2334"]
[BlackElo "2072"]
[PlyCount "58"]
[EventDate "2023.05.01"]
[EventType "team-swiss"]
[EventRounds "9"]
[EventCountry "RUS"]
[SourceTitle "CBM 214 Extra"]
[Source "ChessBase"]
[SourceDate "2023.07.31"]
[SourceVersion "1"]
[SourceVersionDate "2023.07.31"]
[SourceQuality "1"]
[WhiteTeam "Moscow Temus Tim"]
[BlackTeam "Samara Zhiguli"]
[WhiteTeamCountry "RUS"]
[BlackTeamCountry "RUS"]

1. Nf3 Nf6 2. c4 c5 3. Nc3 Nc6 4. g3 d5 5. d4 e6 6. cxd5 Nxd5 7. Bg2 Nxc3 8. bxc3 cxd4 9. Nxd4 Nxd4 10. Qxd4 Qxd4 11. cxd4 Bb4+ 12. Bd2 Bxd2+ 13. Kxd2 Ke7 14. Rhc1 Rd8 15. Rc7+ Rd7 16. Rac1 Kd8 17. Rxd7+ Kxd7 18. g4 h6 19. f4 Rb8 20. Rc3 b6 21. Bc6+ Kd8 22. Bf3 Bd7 23. e4 Rc8 24. e5 Rxc3 25. Kxc3 g5 26. Kd3 Bb5+ 27. Ke3 Bc4 28. a3 b5 29. fxg5 hxg5 1/2-1/2

[Event "Voronezh Petrovsky op"]
[Site "Voronezh"]
[Date "2022.06.17"]
[Round "9"]
[White "Gusev, Kirill1111"]
[Black "Gusarov, Aleksey"]
[Result "0-1"]
[WhiteElo "1732"]
[BlackElo "2218"]
[PlyCount "60"]
[EventDate "2022.06.10"]
[EventType "swiss"]
[EventRounds "9"]
[EventCountry "RUS"]
[SourceTitle "EXT 2023"]
[Source "ChessBase"]
[SourceDate "2022.10.05"]
[SourceVersion "1"]
[SourceVersionDate "2022.10.05"]
[SourceQuality "1"]

1. d4 Nf6 2. c4 g6 3. Nc3 d5 4. Bg5 Ne4 5. Bf4 Nxc3 6. bxc3 Bg7 7. e3 c5 8. Nf3 0-0 9. Be2 dxc4 10. 0-0 Nd7 11. a4 Nf6 12. Be5 Be6 13. Nd2 cxd4 14. cxd4 Rc8 15. Rc1 c3 16. Bxf6 Bxf6 17. Ne4 Qa5 18. Nxf6+ exf6 19. Bf3 b6 20. Qc2 Rc4 21. Ra1 Rfc8 22. Rfb1 Bf5 23. e4 Bd7 24. Qd3 Rxa4 25. Rxa4 Qxa4 26. Rc1 b5 27. d5 c2 28. d6 b4 29. Qd4 b3 30. Qb2 Qa2 0-1

[Event "Voronezh Petrovsky op"]
[Site "Voronezh"]
[Date "2022.06.12"]
[Round "4"]
[White "Gukhman, Sergey"]
[Black "Gusarov, Aleksey"]
[Result "1-0"]
[WhiteElo "2014"]
[BlackElo "2218"]
[PlyCount "81"]
[EventDate "2022.06.10"]
[EventType "swiss"]
[EventRounds "9"]
[EventCountry "RUS"]
[SourceTitle "EXT 2023"]
[Source "ChessBase"]
[SourceDate "2022.10.05"]
[SourceVersion "1"]
[SourceVersionDate "2022.10.05"]
[SourceQuality "1"]

1. d4 Nf6 2. c4 g6 3. h4 Bg7 4. Nc3 d6 5. e4 Nc6 6. Nge2 Nh5 7. f3 e5 8. d5 Nd4 9. Be3 c5 10. dxc6 Nxc6 11. g4 Nf4 12. Nxf4 exf4 13. Bxf4 Ne5 14. Be2 0-0 15. Qd2 Be6 16. Bg5 f6 17. Bf4 Rc8 18. Nd5 Rf7 19. Rc1 b5 20. cxb5 Rxc1+ 21. Qxc1 Qa5+ 22. Qd2 Qxa2 23. 0-0 Qb3 24. Qc3 Qa4 25. b3 Qa2 26. Bc4 f5 27. Nb4 Nxc4 28. Nxa2 Bxc3 29. Nxc3 fxg4 30. fxg4 Ne5 31. Be3 Nf3+ 32. Kh1 Bxg4 33. Nd5 Kg7 34. Bf4 Rd7 35. Kg2 Nd4 36. Bg5 Ne6 37. Nf6 h6 38. Be3 Rb7 39. Nxg4 Rxb5 40. Bxh6+ Kg8 41. Rf6 1-0

[Event "Voronezh Petrovsky op"]
[Site "Voronezh"]
[Date "2022.06.12"]
[Round "3"]
[White "Gusarov, Aleksey"]
[Black "Rozmetov, Aybek"]
[Result "1-0"]
[WhiteElo "2218"]
[BlackElo "1962"]
[PlyCount "63"]
[EventDate "2022.06.10"]
[EventType "swiss"]
[EventRounds "9"]
[EventCountry "RUS"]
[SourceTitle "EXT 2023"]
[Source "ChessBase"]
[SourceDate "2022.10.05"]
[SourceVersion "1"]
[SourceVersionDate "2022.10.05"]
[SourceQuality "1"]

1. d4 Nf6 2. Nc3 e6 3. e4 d5 4. Bg5 dxe4 5. Nxe4 Be7 6. Bxf6 Bxf6 7. Nf3 b6 8. Bb5+ c6 9. Ba4 0-0 10. c3 Bb7 11. Bc2 Nd7 12. Qe2 Rc8 13. Nd6 Rb8 14. Nxb7 Rxb7 15. Qe4 g6 16. Qxc6 Rc7 17. Qe4 e5 18. 0-0-0 exd4 19. Nxd4 Nc5 20. Qf3 Bg5+ 21. Kb1 Qc8 22. h4 Be7 23. h5 Rd8 24. hxg6 hxg6 25. Rh7 Bf8 26. Qf6 Kxh7 27. Rh1+ Bh6 28. Qg5 Kg7 29. Nf5+ Kf8 30. Qxh6+ Ke8 31. Qf8+ Kd7 32. Qd6+ 1-0

[Event "Cheliabinsk Panchenko Memorial op-A"]
[Site "Cheliabinsk"]
[Date "2021.09.19"]
[Round "8"]
[White "Gusarov, Aleksey"]
[Black "Agmanov, Zhandos"]
[Result "1/2-1/2"]
[WhiteElo "2181"]
[BlackElo "2425"]
[PlyCount "64"]
[EventDate "2021.09.13"]
[EventType "swiss"]
[EventRounds "10"]
[EventCountry "RUS"]
[SourceTitle "CBM 204 Extra"]
[Source "ChessBase"]
[SourceDate "2021.11.30"]
[SourceVersion "1"]
[SourceVersionDate "2021.11.30"]
[SourceQuality "1"]

1. e4 e6 2. d4 d5 3. Nc3 Nf6 4. Bg5 Bb4 5. e5 h6 6. Be3 Ne4 7. Qg4 Kf8 8. a3 Bxc3+ 9. bxc3 Nxc3 10. Bd3 c5 11. dxc5 Nc6 12. Nf3 d4 13. Bxd4 Nxd4 14. Qxd4 Qxd4 15. Nxd4 Bd7 16. a4 Rc8 17. Bb5 Ke7 18. Bxd7 Kxd7 19. c6+ bxc6 20. Kd2 Nd5 21. c4 Nb6 22. Kc3 Kc7 23. f4 Nd7 24. f5 exf5 25. e6 Nc5 26. exf7 Rhf8 27. Kb4 Nd3+ 28. Kc3 Nc5 29. Kb4 Na6+ 30. Ka5 Nc5 31. Kb4 Nd3+ 32. Kc3 Nc5 1/2-1/2

[Event "Cheliabinsk Panchenko Memorial op-A"]
[Site "Cheliabinsk"]
[Date "2021.09.17"]
[Round "5"]
[White "Gusarov, Aleksey"]
[Black "Novozhilov, Semen"]
[Result "1/2-1/2"]
[WhiteElo "2181"]
[BlackElo "1976"]
[PlyCount "48"]
[EventDate "2021.09.13"]
[EventType "swiss"]
[EventRounds "10"]
[EventCountry "RUS"]
[SourceTitle "CBM 204 Extra"]
[Source "ChessBase"]
[SourceDate "2021.11.30"]
[SourceVersion "1"]
[SourceVersionDate "2021.11.30"]
[SourceQuality "1"]

1. e4 c5 2. Nf3 Nc6 3. Bb5 g6 4. Bxc6 bxc6 5. 0-0 Bg7 6. Re1 Nh6 7. Nc3 e5 8. d3 d6 9. Bd2 f5 10. exf5 Nxf5 11. Bg5 Qc7 12. Nh4 0-0 13. Nxf5 gxf5 14. f4 c4 15. dxc4 e4 16. Qd2 Qb6+ 17. Kh1 Qxb2 18. Nd5 Qd4 19. Ne7+ Kh8 20. Qe2 Be6 21. Qh5 Rf7 22. Rad1 Qc5 23. Ng6+ Kg8 24. Ne7+ Kh8 1/2-1/2

[Event "Cheliabinsk Panchenko Memorial op-A"]
[Site "Cheliabinsk"]
[Date "2021.09.14"]
[Round "2"]
[White "Gusarov, Aleksey"]
[Black "Frolyanov, Dmitry"]
[Result "0-1"]
[WhiteElo "2181"]
[BlackElo "2533"]
[PlyCount "74"]
[EventDate "2021.09.13"]
[EventType "swiss"]
[EventRounds "10"]
[EventCountry "RUS"]
[SourceTitle "CBM 204 Extra"]
[Source "ChessBase"]
[SourceDate "2021.11.30"]
[SourceVersion "1"]
[SourceVersionDate "2021.11.30"]
[SourceQuality "1"]

1. d4 Nf6 2. c4 e6 3. Nf3 d5 4. g3 Bb4+ 5. Bd2 a5 6. Bg2 dxc4 7. Bxb4 axb4 8. Ne5 0-0 9. Nxc4 Qe7 10. Nbd2 Rd8 11. e3 Nbd7 12. Nf3 b5 13. Nce5 Bb7 14. 0-0 c5 15. Nxf7 Bxf3 16. Bxf3 Kxf7 17. Bxa8 Rxa8 18. dxc5 Nxc5 19. Qf3 Nce4 20. Rfd1 Rf8 21. h4 Kg8 22. Rd4 Nc5 23. Qc6 b3 24. a3 Nd5 25. Qxb5 Qf7 26. Qe2 Nd7 27. Kg2 Ne5 28. a4 Nf3 29. Rc4 Qh5 30. Kh1 Qf5 31. Kg2 e5 32. a5 e4 33. Rh1 Qg4 34. a6 Nxh4+ 35. Kf1 Qxg3 36. Ke1 Nf3+ 37. Kd1 Qd6 0-1

[Event "Bryansk Zilberstein Memorial 5th"]
[Site "Bryansk"]
[Date "2021.07.29"]
[Round "1"]
[White "Alekseev, Evgeny V"]
[Black "Gusarov, Aleksey"]
[Result "1-0"]
[WhiteElo "2605"]
[BlackElo "2197"]
[PlyCount "83"]
[EventDate "2021.07.29"]
[EventType "swiss (rapid)"]
[EventRounds "11"]
[EventCountry "RUS"]
[SourceTitle "CBM 203 Extra"]
[Source "ChessBase"]
[SourceDate "2021.09.30"]
[SourceVersion "1"]
[SourceVersionDate "2021.09.30"]
[SourceQuality "1"]

1. e4 c5 2. Nf3 Nc6 3. Bb5 g6 4. 0-0 Bg7 5. c3 Qb6 6. Ba4 Nf6 7. Re1 0-0 8. h3 Rd8 9. d3 d6 10. Nbd2 Qc7 11. Nf1 Rb8 12. d4 b5 13. Bc2 cxd4 14. cxd4 Nd7 15. Ne3 Nb6 16. a3 a5 17. Bb3 a4 18. Ba2 Na5 19. Bd2 Nac4 20. Rc1 Ba6 21. Nxc4 bxc4 22. Bc3 d5 23. e5 Bc8 24. Bb1 Qc6 25. Bc2 Bf5 26. Bxf5 gxf5 27. Nh4 e6 28. Qh5 Nd7 29. Nf3 f6 30. g4 f4 31. Rcd1 Rf8 32. Re2 fxe5 33. dxe5 Nc5 34. Bb4 Rxb4 35. axb4 Nd3 36. g5 Rf5 37. Nd4 Qd7 38. Nxf5 exf5 39. e6 Qe7 40. b5 f3 41. Qxf3 Qxg5+ 42. Kh1 1-0

[Event "Cheliabinsk Panchenko Memorial op-A"]
[Site "Cheliabinsk"]
[Date "2020.09.10"]
[Round "4"]
[White "Gusarov, Aleksey"]
[Black "Predke, Alexandr"]
[Result "0-1"]
[WhiteElo "2253"]
[BlackElo "2684"]
[PlyCount "58"]
[EventDate "2020.09.07"]
[EventType "swiss"]
[EventRounds "9"]
[EventCountry "RUS"]
[SourceTitle "CBM 198 Extra"]
[Source "ChessBase"]
[SourceDate "2020.11.30"]
[SourceVersion "1"]
[SourceVersionDate "2020.11.30"]
[SourceQuality "1"]

1. e4 d6 2. d4 Nf6 3. Bd3 e5 4. Ne2 Be7 5. c3 0-0 6. 0-0 Re8 7. Nd2 Bf8 8. Qc2 Nc6 9. a3 a5 10. f4 Qe7 11. d5 Nb8 12. f5 c6 13. c4 Nbd7 14. Qc3 b5 15. dxc6 b4 16. Qc2 Nb8 17. c5 dxc5 18. Bb5 Qc7 19. Kh1 Ba6 20. Bxa6 Rxa6 21. Nc4 h6 22. Be3 Nxc6 23. axb4 Nxb4 24. Qb1 Rd8 25. Nc3 Raa8 26. Rf3 Rd3 27. Qf1 Rad8 28. Bg1 R3d4 29. b3 Rd3 0-1

[Event "Samara Polugaevsky Memorial 9th"]
[Site "Samara"]
[Date "2019.07.15"]
[Round "6"]
[White "Gusarov, Aleksey"]
[Black "Mokshanov, Alexey"]
[Result "0-1"]
[WhiteElo "2258"]
[BlackElo "2454"]
[PlyCount "78"]
[EventDate "2019.07.10"]
[EventType "swiss"]
[EventRounds "9"]
[EventCountry "RUS"]
[SourceTitle "EXT 2020"]
[Source "ChessBase"]
[SourceDate "2019.10.17"]
[SourceVersion "1"]
[SourceVersionDate "2019.10.17"]
[SourceQuality "1"]

1. e4 e6 2. Qe2 c5 3. g3 Nc6 4. Nf3 d6 5. Bg2 g6 6. 0-0 Bg7 7. c3 Nge7 8. d4 cxd4 9. cxd4 Nxd4 10. Nxd4 Bxd4 11. Bh6 Nc6 12. Nc3 a6 13. Rad1 Qe7 14. Qc2 Bxc3 15. bxc3 e5 16. Qd2 Be6 17. Qxd6 Rd8 18. Qxe7+ Kxe7 19. a3 Bc4 20. Rfe1 b5 21. f4 f6 22. fxe5 Nxe5 23. Be3 Bb3 24. Rxd8 Rxd8 25. Bd4 Nc6 26. Bc5+ Kf7 27. Rb1 Ba2 28. Rb2 Rd1+ 29. Kf2 Bc4 30. Bf3 Rf1+ 31. Ke3 Rxf3+ 32. Kxf3 Ne5+ 33. Ke3 Nd3 34. Rd2 Nxc5 35. Rd6 a5 36. Rc6 Nd7 37. a4 Ke7 38. Kd4 Ne5 39. Ra6 bxa4 0-1

[Event "Samara Polugaevsky Memorial 9th"]
[Site "Samara"]
[Date "2019.07.14"]
[Round "5"]
[White "Gusarov, Aleksey"]
[Black "Shapiro, David"]
[Result "1/2-1/2"]
[WhiteElo "2258"]
[BlackElo "2410"]
[PlyCount "80"]
[EventDate "2019.07.10"]
[EventType "swiss"]
[EventRounds "9"]
[EventCountry "RUS"]
[SourceTitle "EXT 2020"]
[Source "ChessBase"]
[SourceDate "2019.10.17"]
[SourceVersion "1"]
[SourceVersionDate "2019.10.17"]
[SourceQuality "1"]

1. e4 g6 2. d4 Bg7 3. c3 d5 4. exd5 Qxd5 5. Be2 Bf5 6. Nd2 e5 7. Bf3 Qb5 8. Qb3 Qxb3 9. axb3 Nc6 10. Bxc6+ bxc6 11. dxe5 Bxe5 12. Ngf3 Bf6 13. 0-0 Ne7 14. Re1 0-0 15. Ne4 Bg7 16. Ng3 Bf6 17. Nxf5 Nxf5 18. Bf4 Rfb8 19. b4 Rb7 20. Ra6 Ne7 21. Be3 Nd5 22. Bc5 Nb6 23. Re2 Kg7 24. g3 Nd7 25. Rxc6 a5 26. bxa5 Rxa5 27. Bd4 Bxd4 28. cxd4 Kf8 29. Rec2 Rab5 30. Rxc7 Rxb2 31. Rc8+ Ke7 32. Rxb2 Rxb2 33. Rc7 Kd6 34. Ra7 h6 35. h4 Rb6 36. Nd2 Rc6 37. Kg2 Rc2 38. Nf3 Ke6 39. d5+ Kd6 40. Nd4 Rc5 1/2-1/2

[Event "Samara Polugaevsky Memorial 9th"]
[Site "Samara"]
[Date "2019.07.12"]
[Round "3"]
[White "Gusarov, Aleksey"]
[Black "Tunik, Gennady"]
[Result "1/2-1/2"]
[WhiteElo "2258"]
[BlackElo "2371"]
[PlyCount "83"]
[EventDate "2019.07.10"]
[EventType "swiss"]
[EventRounds "9"]
[EventCountry "RUS"]
[SourceTitle "EXT 2020"]
[Source "ChessBase"]
[SourceDate "2019.10.17"]
[SourceVersion "1"]
[SourceVersionDate "2019.10.17"]
[SourceQuality "1"]

1. e4 c5 2. c3 Nf6 3. e5 Nd5 4. d4 cxd4 5. cxd4 d6 6. Nf3 Nc6 7. Bc4 Nb6 8. Bxf7+ Kxf7 9. Ng5+ Kg8 10. e6 Qe8 11. d5 h6 12. Nf7 Nxd5 13. Qxd5 Bxe6 14. Qxe6 Qxf7 15. Qe3 e6 16. 0-0 d5 17. Re1 Re8 18. Qg3 Kh7 19. Nc3 Bc5 20. Be3 Bxe3 21. fxe3 Qg6 22. Qd6 Rd8 23. Qc7 Rb8 24. Rf1 Rhc8 25. Qd6 Na5 26. Rf3 Nc4 27. Qe7 Re8 28. Qc7 Rec8 29. Qe7 Ne5 30. Rf4 Qe8 31. Qa3 Nc4 32. Qxa7 Nxb2 33. Ne2 Nd3 34. Rg4 Ne5 35. Rg3 Nc6 36. Qb6 Qd8 37. Qb1+ Kh8 38. Nf4 Qd7 39. Qg6 Re8 40. Rf1 Re7 41. Qg4 Rf7 42. Qxe6 1/2-1/2

[Event "Voronezh op-A 23rd"]
[Site "Voronezh"]
[Date "2019.06.20"]
[Round "8"]
[White "Nozdrachev, Leonid"]
[Black "Gusarov, Aleksey"]
[Result "1/2-1/2"]
[WhiteElo "2395"]
[BlackElo "2231"]
[PlyCount "145"]
[EventDate "2019.06.12"]
[EventType "swiss"]
[EventRounds "9"]
[EventCountry "RUS"]
[SourceTitle "EXT 2020"]
[Source "ChessBase"]
[SourceDate "2019.10.17"]
[SourceVersion "1"]
[SourceVersionDate "2019.10.17"]
[SourceQuality "1"]

1. d4 Nf6 2. Nf3 d5 3. g3 c5 4. Bg2 e6 5. 0-0 Nc6 6. c4 dxc4 7. Ne5 Bd7 8. Na3 cxd4 9. Naxc4 Be7 10. b3 0-0 11. Bb2 Qc7 12. Nxc6 Bxc6 13. Bxc6 Qxc6 14. Qxd4 Rfd8 15. Qe3 Rd5 16. Rfc1 Qa6 17. Ne5 Rad8 18. Nd3 Ba3 19. Bxa3 Qxa3 20. Rc4 a6 21. Qb6 Qe7 22. Rc7 R5d7 23. Rac1 Nd5 24. Rxd7 Qxd7 25. Qc5 f6 26. h4 Ne7 27. Qc7 Kf7 28. Qf4 Qd4 29. Rc7 Qxf4 30. gxf4 b6 31. Nb4 Kf8 32. Nxa6 Rd2 33. a4 Rxe2 34. Rc4 Rb2 35. Rb4 Nd5 36. Rb5 f5 37. Nb8 Ke7 38. Nc6+ Kd6 39. Nd4 Rd2 40. Nf3 Rd1+ 41. Kh2 Kc7 42. a5 bxa5 43. Rxa5 Kb6 44. Ra4 Rd3 45. Ng5 Rxb3 46. Nxe6 g6 47. Ra8 Rd3 48. Rc8 Nf6 49. Kg2 Rd6 50. Ng5 Rd7 51. Kf3 Nh5 52. Rc4 Kb5 53. Rc3 Re7 54. Rc8 Rd7 55. Ne6 Kb6 56. Rc4 Re7 57. Ng5 Rd7 58. Nh3 Rc7 59. Rxc7 Kxc7 60. Ng5 Nf6 61. h5 gxh5 62. Ne6+ Kd6 63. Ng7 Ke7 64. Nxf5+ Kf7 65. Nd6+ Kg6 66. Kg3 Nd5 67. Nc4 Ne7 68. Ne3 Nf5+ 69. Nxf5 Kxf5 70. Kh4 Kxf4 71. Kxh5 Kf3 72. Kh6 Kxf2 73. Kxh7 1/2-1/2

[Event "Voronezh op-A 23rd"]
[Site "Voronezh"]
[Date "2019.06.15"]
[Round "4"]
[White "Makarian, Rudik"]
[Black "Gusarov, Aleksey"]
[Result "1-0"]
[WhiteElo "2383"]
[BlackElo "2231"]
[PlyCount "67"]
[EventDate "2019.06.12"]
[EventType "swiss"]
[EventRounds "9"]
[EventCountry "RUS"]
[SourceTitle "EXT 2020"]
[Source "ChessBase"]
[SourceDate "2019.10.17"]
[SourceVersion "1"]
[SourceVersionDate "2019.10.17"]
[SourceQuality "1"]

1. Nf3 Nf6 2. c4 g6 3. Nc3 d5 4. cxd5 Nxd5 5. Qc2 Bg7 6. e4 Nxc3 7. dxc3 Nd7 8. Bc4 0-0 9. 0-0 c6 10. a4 Qc7 11. Be3 Nf6 12. h3 b6 13. a5 Bd7 14. b4 e6 15. Bd4 c5 16. Be5 Qc6 17. b5 Qxe4 18. Bd3 Qb7 19. a6 Qc8 20. c4 Rd8 21. Qc3 Ne8 22. Be4 Rb8 23. Bb7 Bxe5 24. Nxe5 Qc7 25. Bc6 Bxc6 26. Nxc6 Nd6 27. Qe5 Rd7 28. Nxb8 Qxb8 29. Rad1 Qd8 30. Qf4 Nf5 31. Rxd7 Qxd7 32. Qb8+ Kg7 33. Qb7 Qd2 34. Qxa7 1-0

[Event "RUS-ch Eurasia Cup op"]
[Site "Ekaterinburg"]
[Date "2018.08.08"]
[Round "7"]
[White "Gusarov, Aleksey"]
[Black "Yeletsky, Ivan"]
[Result "1/2-1/2"]
[WhiteElo "2238"]
[BlackElo "2412"]
[PlyCount "167"]
[EventDate "2018.08.01"]
[EventType "swiss"]
[EventRounds "9"]
[EventCountry "RUS"]
[SourceTitle "CBM 185 Extra"]
[Source "ChessBase"]
[SourceDate "2018.07.29"]
[SourceVersion "1"]
[SourceVersionDate "2018.07.29"]
[SourceQuality "1"]

1. c4 e5 2. Nc3 Bb4 3. g3 Bxc3 4. bxc3 Ne7 5. Bg2 0-0 6. Nh3 h6 7. 0-0 d5 8. cxd5 Nxd5 9. c4 Nb6 10. d3 Be6 11. Kh1 Qd7 12. Ng1 Nc6 13. Bb2 Rad8 14. Rc1 Rfe8 15. Qc2 f6 16. h3 Ne7 17. Kh2 Qa4 18. Bxb7 c6 19. Qxa4 Nxa4 20. Ba3 Rb8 21. Rb1 Nc3 22. Rb3 Nb5 23. Bxe7 Nd4 24. Bxc6 Nxc6 25. Bc5 Rxb3 26. axb3 Rb8 27. b4 Nxb4 28. Bxa7 Ra8 29. Bc5 Nc2 30. Rb1 Ra2 31. Rb6 Kf7 32. Rb7+ Kg8 33. Re7 Bf7 34. g4 Ra1 35. Nf3 Ne1 36. Ng1 Bg6 37. Ra7 Rd1 38. f3 Nc2 39. Ra2 Rc1 40. Ba3 Nxa3 41. Rxa3 h5 42. gxh5 Bxh5 43. h4 Rc2 44. Kg3 Kh7 45. Kf2 Rc1 46. Ra2 Be8 47. Kg2 Bc6 48. Ra6 Bd7 49. Rd6 Ba4 50. Kf2 Kg6 51. Rd8 Kh7 52. f4 e4 53. dxe4 Rxc4 54. Ke3 Bc6 55. Rd4 Rc3+ 56. Kf2 Kg6 57. Nf3 Kh5 58. e5 Kg4 59. Ne1 Kxh4 60. exf6 gxf6 61. Rd6 f5 62. Nd3 Be4 63. Ne5 Kh5 64. Rb6 Ra3 65. Nc4 Rh3 66. Ne5 Ra3 67. Rb8 Kh6 68. Rg8 Kh7 69. Rg1 Ra7 70. Rg3 Rb7 71. Rg5 Kh6 72. Nc4 Rg7 73. Rxg7 Kxg7 74. Ke3 Kf6 75. Kd4 Bg2 76. Ne5 Ke6 77. Kc5 Bf1 78. e3 Bg2 79. Nc6 Be4 80. Nd4+ Ke7 81. Nb5 Ke6 82. Kb6 Bd3 83. Nc3 Kd6 84. Nd1 1/2-1/2

[Event "RUS-ch Eurasia Cup op"]
[Site "Ekaterinburg"]
[Date "2018.08.03"]
[Round "3"]
[White "Gusarov, Aleksey"]
[Black "Khanin, Semen"]
[Result "0-1"]
[WhiteElo "2238"]
[BlackElo "2494"]
[PlyCount "74"]
[EventDate "2018.08.01"]
[EventType "swiss"]
[EventRounds "9"]
[EventCountry "RUS"]
[SourceTitle "CBM 185 Extra"]
[Source "ChessBase"]
[SourceDate "2018.07.29"]
[SourceVersion "1"]
[SourceVersionDate "2018.07.29"]
[SourceQuality "1"]

1. c4 Nf6 2. Nc3 e5 3. a3 g6 4. g3 Bg7 5. Bg2 0-0 6. Nh3 d6 7. 0-0 Re8 8. d3 a5 9. Ng5 c6 10. Nge4 Nxe4 11. dxe4 Na6 12. Be3 Be6 13. Na4 Nc7 14. Rc1 Ra6 15. Qd2 b5 16. cxb5 Nxb5 17. Qd3 Qb8 18. Nc3 a4 19. Nxb5 cxb5 20. Qd2 Bc4 21. Bf3 d5 22. exd5 e4 23. Bg2 Qe5 24. Rfd1 Qxb2 25. d6 Qxa3 26. Bxe4 Rd8 27. d7 Qe7 28. Bb7 Re6 29. Qa5 Rxe3 30. fxe3 Rxd7 31. Rxd7 Qxd7 32. Qa8+ Bf8 33. Kf2 a3 34. Bf3 Qd2 35. Rxc4 bxc4 36. Bd5 c3 37. Qd8 Qxd5 0-1

[Event "Samara Polugaevsky Memorial 7th"]
[Site "Samara"]
[Date "2017.07.12"]
[Round "5"]
[White "Vysotsky, Ivan"]
[Black "Gusarov, Aleksey"]
[Result "0-1"]
[WhiteElo "1981"]
[BlackElo "2162"]
[PlyCount "120"]
[EventDate "2017.07.08"]
[EventType "swiss"]
[EventRounds "9"]
[EventCountry "RUS"]
[SourceTitle "EXT 2018"]
[Source "ChessBase"]
[SourceDate "2017.10.13"]
[SourceVersion "1"]
[SourceVersionDate "2017.10.13"]
[SourceQuality "1"]

1. e4 c5 2. Nf3 Nc6 3. d4 cxd4 4. Nxd4 Nf6 5. Nc3 e5 6. Ndb5 d6 7. Bg5 a6 8. Na3 b5 9. Nd5 Be7 10. Bxf6 Bxf6 11. c3 Bg5 12. Nc2 0-0 13. h4 Bh6 14. Nce3 Bxe3 15. Nxe3 Be6 16. g3 Rb8 17. Be2 Ne7 18. 0-0 d5 19. exd5 Nxd5 20. Nxd5 Bxd5 21. Bf3 e4 22. Bg2 f5 23. Qd4 Rb7 24. Rfd1 Rd7 25. Qe5 Bc4 26. Rxd7 Qxd7 27. Bh3 Qf7 28. a4 f4 29. Qxf4 Qxf4 30. gxf4 Rxf4 31. Bc8 Rxh4 32. Bxa6 Be2 33. Kg2 Bf3+ 34. Kg3 Rg4+ 35. Kh3 bxa4 36. Rxa4 h5 37. Bc8 Rg2 38. Be6+ Kf8 39. Bf5 Rxf2 40. Bxe4 Bxe4 41. Rxe4 Rxb2 42. Kh4 Rb5 43. Re6 Rc5 44. Rb6 Kf7 45. Ra6 g6 46. Rb6 Rxc3 47. Kg5 Rg3+ 48. Kf4 Rg4+ 49. Ke5 Rg5+ 50. Ke4 Rf5 51. Ra6 Kg7 52. Ra1 Kh6 53. Rh1 Rf8 54. Ke5 g5 55. Ra1 h4 56. Ra6+ Kh5 57. Ra4 h3 58. Ra7 Kh4 59. Rh7+ Kg3 60. Rg7 g4 0-1

[Event "Samara Polugaevsky Memorial 7th"]
[Site "Samara"]
[Date "2017.07.10"]
[Round "3"]
[White "Yudin, Sergei"]
[Black "Gusarov, Aleksey"]
[Result "1-0"]
[WhiteElo "2534"]
[BlackElo "2162"]
[PlyCount "83"]
[EventDate "2017.07.08"]
[EventType "swiss"]
[EventRounds "9"]
[EventCountry "RUS"]
[SourceTitle "EXT 2018"]
[Source "ChessBase"]
[SourceDate "2017.10.13"]
[SourceVersion "1"]
[SourceVersionDate "2017.10.13"]
[SourceQuality "1"]

1. e4 c5 2. Nf3 Nc6 3. Bb5 e6 4. 0-0 Nge7 5. c3 a6 6. Ba4 b5 7. Bc2 d5 8. e5 d4 9. Be4 Ra7 10. d3 Rd7 11. cxd4 cxd4 12. Bg5 Bb7 13. Nbd2 Qb8 14. Re1 Nd5 15. Qe2 h6 16. Bh4 Bb4 17. a3 Ba5 18. Bg3 0-0 19. Rac1 Qa7 20. Rc2 Rc8 21. Bxd5 Rxd5 22. b4 Bb6 23. Ne4 Ne7 24. Nd6 Rc3 25. Rec1 a5 26. Nd2 axb4 27. axb4 Nc6 28. Qh5 Ba6 29. N2e4 Rxc2 30. Rxc2 Nxb4 31. Rb2 Bc5 32. Ne8 Kf8 33. Nxg7 Kxg7 34. Nf6 Rd8 35. Bh4 Rh8 36. h3 Be7 37. Re2 Nd5 38. Re4 Bxf6 39. Bxf6+ Nxf6 40. exf6+ Kf8 41. Qe5 Ke8 42. Qd6 1-0

[Event "Samara Polugaevsky Memorial 6th"]
[Site "Samara"]
[Date "2016.07.11"]
[Round "9"]
[White "Dzhangobegov, Vladimir"]
[Black "Gusarov, Aleksey"]
[Result "1-0"]
[WhiteElo "2264"]
[BlackElo "2168"]
[PlyCount "37"]
[EventDate "2016.07.03"]
[EventType "swiss"]
[EventRounds "9"]
[EventCountry "RUS"]
[SourceTitle "EXT 2019"]
[Source "ChessBase"]
[SourceDate "2018.10.10"]
[SourceVersion "1"]
[SourceVersionDate "2018.10.10"]
[SourceQuality "1"]

1. e4 c6 2. d4 d5 3. e5 Bf5 4. Nf3 e6 5. Be2 Ne7 6. 0-0 c5 7. Be3 Nd7 8. c4 dxc4 9. Na3 Nd5 10. Bxc4 Nxe3 11. fxe3 cxd4 12. Nxd4 Bxa3 13. Nxf5 Bf8 14. Bxe6 Nxe5 15. Qa4+ Nc6 16. Bxf7+ Kxf7 17. Qc4+ Kf6 18. Nd6+ Ke7 19. Rf7+ 1-0